000 01327cam a2200349 i 4500
001 20653420
003 OSt
005 20260213095812.0
008 180831s2019 ilu b 001 0 eng
010 _a 2018041313
020 _a9781433501173
_qhc
035 _a20653420
040 _aDLC
_beng
_cDLC
_erda
_dDLC
042 _apcc
050 0 0 _aBT715
_b.M365 2019
082 0 0 _a241/.3
_223
100 1 _aMcCall, Thomas H.,
_eauthor.
245 1 0 _aAgainst God and nature :
_bthe doctrine of sin /
_cThomas H. McCall.
264 1 _aWheaton, Ill. :
_bCrossway,
_c[2019]
300 _a442 pages ;
_c24 cm.
336 _atext
_btxt
_2rdacontent
337 _aunmediated
_bn
_2rdamedia
338 _avolume
_bnc
_2rdacarrier
490 0 _aFoundations of evangelical theology series
504 _aIncludes bibliographical references and index.
650 0 _aSin
_xChristianity
_xHistory of doctrines.
650 0 _aSin
_xBiblical teaching.
776 0 8 _iOnline version:
_aMcCall, Thomas H., author.
_tAgainst God and nature
_dWheaton : Crossway, 2019
_z9781433565205
_w(DLC) 2018051210
906 _a7
_bcbc
_corignew
_d1
_eecip
_f20
_gy-gencatlg
942 _2lcc
_cBK
999 _c21185
_d21184